| 000 | 00832nam a22001817a 4500 | ||
|---|---|---|---|
| 999 |
_c15115 _d15115 |
||
| 003 | OSt | ||
| 082 | _2631.587 JUV/HY | ||
| 088 | _aP 160 | ||
| 100 |
_aJUVANA MARY JOSEPH _aPRAVEEN JOHNSON _aSANJANA T. K _93372 |
||
| 245 | _aHydraulics and field performance of subsurface inline drip irrigation system | ||
| 260 |
_aTavanur 2006 _bKelappaji College of Agricultural Engineering and Technology |
||
| 300 | _a103 | ||
| 500 | _aHydraulics and field performance of subsurface inline drip irrigation system | ||
| 520 | _aEffect of mulch in subsurface drip method of irrigation.susurface drip & fertigation. a comparative evaluation of conventional, surface drip & subsurface method of irrigation | ||
| 700 |
_aEr. Asha Joseph (Guide) _93373 |
||
| 856 | _uhttps://drive.google.com/open?id=1F00h_8Bt5PQ_rEtyzc5fdWaTRykgt6Hh | ||
| 942 | _cPR | ||